Двигателестроение: научно-технический и производственный журнал

Dades bibliogràfiques
Idioma:rus
Publicat: Ленинград, Политехника, 1980-1991
Matèries:
Accés en línia:http://rdiesel.ru/index.html
http://elibrary.ru/title_about.asp?id=8643
Format: MixedMaterials Electrònic Publicació Periòdica
KOHA link:https://koha.lib.tpu.ru/cgi-bin/koha/opac-detail.pl?biblionumber=380078

MARC

LEADER 00000nas1a2200000 4500
001 380078
005 20231101062639.0
011 |a 0202-1633 
035 |a (RuTPU)RU\TPU\prd\679 
035 |a BOOK00000680 
090 |a 380078 
100 |a 20011210a19799999k y0rusy50 ca 
101 0 |a rus 
102 |a RU 
110 |a afaz|||0uu0 
200 1 |a Двигателестроение  |e научно-технический и производственный журнал 
210 |a Ленинград  |c Политехника  |d 1980-1991 
305 |a Издается с 1979 г. 
326 |a 12 номеров в год 
610 1 |a двигателестроение 
610 1 |a агрегаты 
610 1 |a приборы 
610 1 |a системы 
610 1 |a двигатели 
675 |a 621.43.002  |v 3 
801 0 |a RU  |b 63413507  |c 20011210  |g PSBO 
801 2 |a RU  |b 63413507  |c 20140718  |g PSBO 
856 4 |u http://rdiesel.ru/index.html 
856 4 |u http://elibrary.ru/title_about.asp?id=8643 
942 |c CR